Agricultural chemistry (Record no. 6444)

MARC details
000 -LEADER
fixed length control field 00808 a2200205 4500
005 - DATE AND TIME OF LATEST TRANSACTION
control field 20080828102147.0
008 - FIXED-LENGTH DATA ELEMENTS--GENERAL INFORMATION
fixed length control field 080828t xxu||||| |||| 00| 0 eng d
010 ## - LIBRARY OF CONGRESS CONTROL NUMBER
LC control number ENG-87353
020 ## - INTERNATIONAL STANDARD BOOK NUMBER
Terms of availability 775.00
International Standard Book Number 9788190454391
035 ## - SYSTEM CONTROL NUMBER
System control number EN-70886
037 ## - SOURCE OF ACQUISITION
Source of stock number/acquisition DBAD / PUB
082 ## - DEWEY DECIMAL CLASSIFICATION NUMBER
Classification number 630.24
100 ## - MAIN ENTRY--PERSONAL NAME
Personal name Pradhan, A.K.
245 ## - TITLE STATEMENT
Title Agricultural chemistry
Statement of responsibility, etc by A.K. Pradhan
260 ## - PUBLICATION, DISTRIBUTION, ETC. (IMPRINT)
Place of publication, distribution, etc Delhi
Name of publisher, distributor, etc Manglam Publishers
Date of publication, distribution, etc 2007
270 ## - ADDRESS
Address L-21/1, Street No. 5, Shivaji Marg, Near Kali Mandir, J.P. Nagar, Kartar Nagar, West Ghonda,
City Delhi
Postal code 110 053
300 ## - PHYSICAL DESCRIPTION
Extent viii, 272p.
Dimensions 22cm (Hb )
942 ## - ADDED ENTRY ELEMENTS (KOHA)
Institution code [OBSOLETE] dpl
Koha item type English Books
Call number prefix 630.24 / PRA
Source of classification or shelving scheme Dewey Decimal Classification
Classification part 630.24
Call number suffix PRA
Holdings
Withdrawn status Lost status Damaged status Not for loan Home library Current library Date acquired Cost, normal purchase price Total Checkouts Full call number Barcode Date last seen Copy number Uniform Resource Identifier Cost, replacement price Price effective from Koha item type
        D.B.Act.Division D.B.Act.Division 28/08/2008 775.00   630.24 PRA EN-70886 15/09/2008 1 6934 775.00 15/09/2008 English Books

© Delhi Public Library
Hit Counter
free hit counter